000 00479nam a2200181Ia 4500
005 20250423095104.0
008 250422s9999 xx 000 0 und d
020 _a0- 9624671- 3- 8
050 _aTJ 157 .B37/
100 _aBassichis, William H.
245 0 _aDon't panic : aguide to introductory physics for students of science and engineering
250 _a5th ed.
260 _aNew York
260 _bOR Publishing
260 _c2005
300 _a310 p
942 _cBK
999 _c29207
_d29207